000 nam a22 7a 4500
999 _c15576
_d15576
008 161102b xxu||||| |||| 00| 0 eng d
020 _a0060424028
050 _aLB 1025.2 .G62 1978
100 _aGood, Thomas L.
245 _aLooking in classrooms/
_cThomas L. Good and Jere E. Brophy.
250 _a2nd ed.
260 _aNew York :
_bHarper $ Row, Publishers ;
_c1978.
300 _aix, 433p. :
_bill. ;
_c24cm.
500 _aIncludes index.
650 _aTeaching.
650 _aClassroom management.
700 _aBrophy, Jere E.
942 _2lcc
_cBOOKS
_hLB 1025.2 .G62 1978
_01